000
00316nam a22001337a 4500
008
180831b xxu||||| |||| 00| 0 eng d
020
_a
9781854771742
041
_a
eng
080
_a
941
100
_a
16
101
_a
HIS
245
_a
A Vindication of the rights of men 1790
_c
Wollstonecraft, M
942
_2
udc
_c
BK
999
_c
47414
_d
47414